00412 a2200145 450000100060000000300050000608200160001110000400002724500670006725000080013426000380014230000150018050000170019581000540021291316NUST a891.551 WHI aJalal Ad-Din Rumi ; Whinfield, E.H. aRumi; Works of the great philosopher, Poet and MysticnEnglish a1st aAustraliabAxiom Publishingc2012 a126 p.bPB aGeneral Book aSelections from the Masnavi by Jalala ud din Rumi